Recomanacions per a la construcció d'escoles bressol municipals
ISBN:
84-9803-129-x
Descripción Física:
99 p. : il. ; 28 cm
Colección:
Guies Metodològiques ; 9
Materias:
Escoles bressol
MARC
| LEADER | 00000nam a2200000Ia 4500 | ||
|---|---|---|---|
| 001 | 17593 | ||
| 008 | 160829s2006 xx 000 0 cat d | ||
| 020 | |a 84-9803-129-x | ||
| 080 | |a E-1-252 | ||
| 245 | |a Recomanacions per a la construcció d'escoles bressol municipals | ||
| 260 | |a Barcelona : |b Diputació de Barcelona. Àrea d'Educació, |c 2006 | ||
| 300 | |a 99 p. : |b il. ; |c 28 cm | ||
| 490 | |a Guies Metodològiques ; 9 | ||
| 590 | |a Bibliografia | ||
| 650 | |a Escoles bressol |9 29145 | ||
| 710 | |a Barcelona (Catalunya : Província). |b Àrea d'Educació |9 8009 | ||
| 901 | |a Arxiu | ||
| 942 | |n 1 | ||
| 952 | |0 0 |1 0 |4 0 |6 E1252 |7 1 |9 42103 |a Arxiu |b Arxiu |d 2016-12-01 |l 0 |o E-1-252 |p 17593 |r 2016-12-01 00:00:00 |w 2016-12-01 |y ARXIU | ||
| 999 | |c 44550 |d 44550 | ||